Statistics for Remixes More Famous Than The Originals

Click here to take the quiz!

General Stats

  • This quiz has been taken 10 times
  • The average score is 3 of 13

Answer Stats

Original Artist and Song Year Released Remixer % Correct
OMI - Cheerleader2014Felix Jaehn
43%
Mr Probz - Waves2014Robin Schulz
43%
Snoop Dogg - Sweat2011David Guetta
43%
Disclosure - You & Me2013Flume
29%
Florence and the Machine - Spectrum (Say My Name)2012Calvin Harris
29%
Benny Benassi - Cinema2011Skrillex
29%
OneRepublic - Apologize2007Timbaland
29%
Elvis Presley - A Little Less Conversation2002JXL
29%
Kid Cudi - Day 'n' Nite2008Crookers
14%
Run DMC - It's Like That1997Jason Nevins
14%
Tove Lo - Habits (Stay High)2014Hippie Sabotage
0%
Tori Amos - Professional Widow1996Armand Van Helden
0%
Los Del Rio - Macarena1995Bayside Boys
0%

Score Distribution

Percentile by Number Answered

Percent of People with Each Score

Your Score History

You have not taken this quiz